Court of Appeal Criminal Appeal No. 24 /97 Bahemuka Patrick and another Vs Uganda. (Record no. 2970)

MARC details
000 -LEADER
fixed length control field 00763nam a22001337a 4500
008 - FIXED-LENGTH DATA ELEMENTS--GENERAL INFORMATION
fixed length control field 110615t xxu||||| |||| 00| 0 eng d
010 ## - LIBRARY OF CONGRESS CONTROL NUMBER
LC control number CACAF41
245 ## - TITLE STATEMENT
Title Court of Appeal Criminal Appeal No. 24 /97 Bahemuka Patrick and another Vs Uganda.
260 ## - PUBLICATION, DISTRIBUTION, ETC. (IMPRINT)
Date of publication, distribution, etc 1997
500 ## - GENERAL NOTE
General note Coram: The Hon. Mr. Justice G.M. Okello, JA. , The Hon. Mr. Justice A. Twinomujuni, JA. , The Hon. Lady Justice C.N.B. Kitumba, JA.
500 ## - GENERAL NOTE
General note A appeal From the judgment of the High Court of Uganda at Fort Portal (Kireju, J.) dated 11th January , 1994 in Cr. S.C. No . 388 of 1991
Holdings
Withdrawn status Lost status Source of classification or shelving scheme Damaged status Koha normalized classification for sorting Not for loan Location (home branch) Sublocation or collection (holding branch) Shelving location Date acquired Koha issues (times borrowed) Koha full call number Piece designation (barcode) Koha date last seen Price effective from Koha item type
    Dewey Decimal Classification   CACAF_41   Law Development Centre Main Library Law Development Centre Main Library Law Reports 06/15/2011   CACAF41 24/1997/1 06/15/2011 06/15/2011 Un Reported Cases
    Dewey Decimal Classification   CACAF_41   Law Development Centre Main Library Law Development Centre Main Library Law Reports 06/15/2011   CACAF41 24/1997/2 06/15/2011 06/15/2011 Un Reported Cases